International econmics

Guardat en:
Dades bibliogràfiques
Autor principal: Wells, Sidney J.
Format: Llibre
Idioma:Undetermined
Publicat: London George Allen and Uwin 1969
Matèries:
Etiquetes: Afegir etiqueta
Sense etiquetes, Sigues el primer a etiquetar aquest registre!
Thư viện lưu trữ: Trung tâm Học liệu Trường Đại học Cần Thơ
LEADER 00477nam a2200181Ia 4500
001 CTU_80298
008 210402s9999 xx 000 0 und d
082 |a 337 
082 |b W453 
100 |a Wells, Sidney J. 
245 0 |a International econmics 
245 0 |c Sidney J. Wells 
260 |a London 
260 |b George Allen and Uwin 
260 |c 1969 
650 |a International trade 
904 |i Trọng Hải 
980 |a Trung tâm Học liệu Trường Đại học Cần Thơ